[Event "Milan Crespi op-B 30th"]
[Site "Milan"]
[Date "2009.12.06"]
[Round "4"]
[White "Colombo, Luca"]
[Black "Paulovich, Adriano"]
[Result "1-0"]
[WhiteElo "1886"]
[BlackElo "1773"]
[PlyCount "101"]
[EventDate "2009.12.04"]
[EventType "swiss"]
[EventRounds "7"]
[EventCountry "ITA"]
[SourceTitle "EXT 2012"]
[Source "ChessBase"]
[SourceDate "2011.11.24"]
[SourceVersion "1"]
[SourceVersionDate "2011.11.24"]
[SourceQuality "1"]

1. e4 e5 2. Nf3 Nc6 3. Bb5 a6 4. Bxc6 dxc6 5. d4 exd4 6. Qxd4 Qxd4 7. Nxd4 Bc5 8. Be3 Nf6 9. f3 Bd7 10. 0-0 0-0-0 11. c3 Ne8 12. Nd2 h5 13. b4 Bxd4 14. cxd4 f6 15. a4 g5 16. b5 cxb5 17. axb5 Bxb5 18. Rfb1 Nd6 19. Nb3 b6 20. Rc1 g4 21. d5 gxf3 22. gxf3 Kb7 23. Nd4 Rh7 24. Ne6 Rg8+ 25. Kf2 Nc4 26. Bf4 Ne5 27. Bxe5 fxe5 28. Rg1 Re8 29. Rac1 c5 30. Rg7+ Rxg7 31. Nxg7 Re7 32. Nf5 Rh7 33. Ke3 Bd7 34. Nd6+ Kc7 35. Nc4 Rg7 36. Nxe5 a5 37. Kf2 Bh3 38. Rd1 b5 39. d6+ Kc8 40. Nc6 a4 41. e5 a3 42. Ne7+ Kd7 43. Nd5 a2 44. Nf4 b4 45. Nxh3 b3 46. e6+ Kxe6 47. Nf4+ Kd7 48. Nd3 Kxd6 49. Nc1+ Kc6 50. Nxb3 Rb7 51. Na5+ 1-0

[Event "Milan Crespi op-B 30th"]
[Site "Milan"]
[Date "2009.12.05"]
[Round "2"]
[White "Trent, Alan M"]
[Black "Paulovich, Adriano"]
[Result "1-0"]
[WhiteElo "1848"]
[BlackElo "1773"]
[PlyCount "81"]
[EventDate "2009.12.04"]
[EventType "swiss"]
[EventRounds "7"]
[EventCountry "ITA"]
[SourceTitle "EXT 2012"]
[Source "ChessBase"]
[SourceDate "2011.11.24"]
[SourceVersion "1"]
[SourceVersionDate "2011.11.24"]
[SourceQuality "1"]

1. e4 e5 2. Nf3 Nc6 3. Bc4 Nf6 4. d3 Bc5 5. Bg5 d6 6. h3 Be6 7. Nc3 h6 8. Bh4 g5 9. Bg3 Bxc4 10. dxc4 Qd7 11. Qe2 0-0-0 12. 0-0-0 Nd4 13. Nxd4 Bxd4 14. Nb5 a6 15. Nxd4 exd4 16. Rxd4 Qa4 17. Kb1 Nd7 18. b3 Qa3 19. Qg4 Kb8 20. Rhd1 f6 21. Qf5 Qc5 22. Qe6 Rhe8 23. Qf7 Qc6 24. Bxd6 Rxe4 25. Rxe4 Qxe4 26. Be7 Rc8 27. Rxd7 Qe1+ 28. Kb2 Qxf2 29. Qxf6 Qxg2 30. Qxh6 g4 31. hxg4 Qxg4 32. Qd2 b6 33. Bb4 a5 34. Bc3 a4 35. Rd8 axb3 36. Rxc8+ Kxc8 37. cxb3 c5 38. Qh2 Kb7 39. Qh7+ Kc6 40. Qh6+ Kb7 41. Qg7+ 1-0